[Event "Golden Rook op"]
[Site "Chotowa"]
[Date "2003.05.11"]
[Round "6"]
[White "Smardzewski, Kamil"]
[Black "Probola, Bartosz"]
[Result "0-1"]
[WhiteElo "1600"]
[BlackElo "1987"]
[PlyCount "45"]
[EventDate "2003.05.??"]
[EventType "swiss"]
[EventRounds "9"]
[EventCountry "POL"]
[SourceTitle "EXT 2005"]
[Source "ChessBase"]
[SourceDate "2004.11.15"]
[SourceVersion "1"]
[SourceVersionDate "2004.11.15"]
[SourceQuality "1"]

1. e4 c5 2. Nc3 Nf6 3. g3 g6 4. Bg2 Bg7 5. f4 d6 6. Nf3 Nc6 7. 0-0 0-0 8. d3 Bg4 9. h3 Bd7 10. g4 e6 11. Ne2 Ne8 12. f5 f6 13. fxg6 hxg6 14. h4 e5 15. Nh2 Nc7 16. Be3 Ne7 17. Qd2 Qc8 18. Bf3 Kf7 19. Ng3 Ke8 20. h5 g5 21. Be2 Bc6 22. c4 Ne6 23. Nf5 0-1

[Event "Golden Rook op"]
[Site "Chotowa"]
[Date "2003.05.08"]
[Round "3"]
[White "Rogala, Robert"]
[Black "Smardzewski, Kamil"]
[Result "1-0"]
[WhiteElo "1800"]
[BlackElo "1600"]
[PlyCount "88"]
[EventDate "2003.05.??"]
[EventType "swiss"]
[EventRounds "9"]
[EventCountry "POL"]
[SourceTitle "EXT 2005"]
[Source "ChessBase"]
[SourceDate "2004.11.15"]
[SourceVersion "1"]
[SourceVersionDate "2004.11.15"]
[SourceQuality "1"]

1. d4 d5 2. c4 c6 3. Nc3 Nf6 4. Nf3 g6 5. Bf4 Bg7 6. e3 0-0 7. Qc2 Nbd7 8. Be2 Nb6 9. Qb3 Nh5 10. Bg3 dxc4 11. Bxc4 Nxc4 12. Qxc4 Be6 13. Qe2 Bg4 14. Qc2 Bxf3 15. gxf3 Qd7 16. Qe2 Qh3 17. Qf1 Qf5 18. Qe2 Rfe8 19. 0-0 Nf6 20. Kg2 h5 21. e4 Qe6 22. h4 Nh7 23. Qe3 Rad8 24. Rad1 f6 25. d5 cxd5 26. Nxd5 Qf7 27. Nc7 Rxd1 28. Rxd1 Rc8 29. Qxa7 e5 30. Nd5 Nf8 31. Qa3 Re8 32. Rc1 Ne6 33. Qa5 Bh6 34. Rc2 Nf4+ 35. Bxf4 exf4 36. Qb6 Re6 37. Qd8+ Qf8 38. Qd7 Qd6 39. Qc8+ Bf8 40. Rc7 b5 41. Qb7 f5 42. Rh7 Be7 43. Nxe7+ Kxh7 44. Nxf5+ Re7 1-0